Personnages historiques qui apparaissent dans la saga Assassin's Creed - Statistiques

Statistiques générales
  • Ce quiz a été pris 35 fois
  • Le résultat moyen est 7 sur 22
Statistiques - réponses
Par images Réponse % Correct
Socrate
77%
Napoléon Bonaparte
74%
Cléopâtre
68%
Jules César
68%
Victoria
65%
Jack l'Eventreur
55%
Marie-Antoinette d'Autriche
52%
Périclès
39%
Benjamin Franklin
32%
Leonidas Ier de Sparte
32%
Pythagore
32%
George Washington
29%
Louis XVI
29%
Mary Read
16%
Nefertiti
13%
Charles Dickens
10%
Nicolas Copernic
10%
Alexander Graham Bell
6%
Karl Marx
6%
Thomas Jefferson
6%
Joséphine de Beauharnais
0%
Qin Shi Huang
0%
Aucun quiz correspondant
Distribution des résultats
% des personnes avec chaque résultat
Percentile par nombre de réponses
Votre historique - résultats
Vous n’avez pas pris ce quiz